000
00289nam a2200109Ia 4500
008
200302s9999 xx 000 0 und d
100
_a
Nicholas J. Clifford and Others ed.,
245
_a
Key concepts in geography 2nd ed.
260
_b
Sage Publication Ltd.,
260
_c
2009
300
_a
462
999
_c
6257
_d
6257